Statistics for 1980s Albums

Click here to take the quiz!

General Stats

  • This quiz has been taken 37,273 times
    (16,875 since last reset)
  • The average score is 12 of 20

Answer Stats

YearAlbumArtist or Group% Correct
1982ThrillerMichael Jackson
95%
1984Purple RainPrince
93%
1984Born in the U.S.A.Bruce Springsteen
89%
1989Like a PrayerMadonna
86%
1980Back in BlackAC/DC
82%
1987FaithGeorge Michael
78%
1987The Joshua TreeU2
68%
1986Master of PuppetsMetallica
66%
1988Straight Outta ComptonN.W.A.
61%
1987Appetite for DestructionGuns N' Roses
60%
1986Slippery When WetBon Jovi
59%
1982RioDuran Duran
50%
1986GracelandPaul Simon
46%
1984Private DancerTina Turner
44%
1986Licensed to IllBeastie Boys
42%
1983SynchronicityThe Police
41%
1985No Jacket RequiredPhil Collins
36%
1983She's So UnusualCyndi Lauper
24%
1984Stop Making SenseTalking Heads
24%
1983Texas FloodStevie Ray Vaughan
19%

Score Distribution

Percentile by Number Answered

Percent of People with Each Score

Your Score History

You have not taken this quiz since the last reset